| 000 | 00943nam a22002297a 4500 | ||
|---|---|---|---|
| 008 | 081001t xxu||||| |||| 00| 0 eng d | ||
| 010 | _aENG-91088 | ||
| 020 |
_a8189915878 _c1050.00 |
||
| 035 | _aEN-74621 | ||
| 037 | _bDBAD / PUB | ||
| 040 |
_adpl _bEnglish |
||
| 082 | _a346.54048 | ||
| 245 |
_aIntellectual property rights in India: _cedited by Prankrishna Pal _bgeneral issues and implications / |
||
| 260 |
_aNew Delhi _bRegal Publications _c2008 |
||
| 270 |
_aF-159, Rajouri Garden, _bNew Delhi _e110027 |
||
| 300 |
_axx, 328p. . _c24cm (Hb) |
||
| 500 | _aIncludes notes and bibliographical references and index | ||
| 650 |
_aIntellectual property _zIndia |
||
| 700 | _aPal, Prankrishna | ||
| 942 |
_2ddc _cEN _mINT _h346.54048 |
||
| 999 |
_c16108 _d16108 |
||